Statistics for AC/DC Songs

Click here to take the quiz!

General Stats

  • This quiz has been taken 30 times
  • The average score is 56 of 169

Answer Stats

AlbumSong% Correct
Back in Black (1980)Back in Black
91%
Dirty Deeds Done Dirt Cheap (1976)Dirty Deeds Done Dirt Cheap
91%
For Those About to Rock We Salute You (1981)For Those About to Rock (We Salute You)
91%
High Voltage (1976)High Voltage
91%
High Voltage (1976)T.N.T.
91%
Back in Black (1980)Hells Bells
82%
Highway to Hell (1979)Highway to Hell
82%
Let There Be Rock (1977)Let There Be Rock
82%
High Voltage (1976)The Jack
82%
The Razors Edge (1990)Thunderstruck
82%
Back in Black (1980)You Shook Me All Night Long
82%
Dirty Deeds Done Dirt Cheap (1976)Big Balls
73%
High Voltage (1976)Can I Sit Next to You, Girl
73%
Flick of the Switch (1983)Flick of the Switch
73%
Highway to Hell (1979)Girl's Got Rhythm
73%
High Voltage (1976)It's a Long Way to the Top (If You Wanna Rock 'n' Roll)
73%
Back in Black (1980)Rock and Roll Ain't Noise Pollution
73%
Rock or Bust (2014)Rock or Bust
73%
Back in Black (1980)Shoot to Thrill
73%
The Razors Edge (1990)The Razors Edge
73%
Highway to Hell (1979)Touch Too Much
73%
Let There Be Rock (1977)Whole Lotta Rosie
73%
Ballbreaker (1995)Ballbreaker
64%
Black Ice (2008)Black Ice
64%
For Those About to Rock We Salute You (1981)C.O.D.
64%
Fly on the Wall (1985)Fly on the Wall
64%
Back in Black (1980)Have a Drink on Me
64%
Stiff Upper Lip (2000)Stiff Upper Lip
64%
Let There Be Rock (1977)Go Down
55%
Let There Be Rock (1977)Hell Ain't a Bad Place to Be
55%
Highway to Hell (1979)If You Want Blood (You've Got It)
55%
Powerage (1978)Kicked in the Teeth
55%
High Voltage (1976)Live Wire
55%
Highway to Hell (1979)Night Prowler
55%
Dirty Deeds Done Dirt Cheap (1976)Problem Child
55%
Powerage (1978)Rock 'n' Roll Damnation
55%
High Voltage (1976)Rock 'n' Roll Singer
55%
Back in Black (1980)Shake a Leg
55%
High Voltage (1976)She's Got Balls
55%
Powerage (1978)Sin City
55%
Let There Be Rock (1977)Dog Eat Dog
45%
Powerage (1978)Down Payment Blues
45%
Back in Black (1980)Given the Dog a Bone
45%
Powerage (1978)Gone Shootin'
45%
Back in Black (1980)Let Me Put My Love into You
45%
Highway to Hell (1979)Love Hungry Man
45%
The Razors Edge (1990)Moneytalks
45%
Let There Be Rock (1977)Overdose
45%
Dirty Deeds Done Dirt Cheap (1976)Ride On
45%
Highway to Hell (1979)Shot Down in Flames
45%
Dirty Deeds Done Dirt Cheap (1976)Squealer
45%
Blow Up Your Video (1987)Two's Up
45%
Dirty Deeds Done Dirt Cheap (1976)Ain't No Fun (Waiting 'Round to Be a Millionaire)
36%
Highway to Hell (1979)Beating Around the Bush
36%
Black Ice (2008)Big Jack
36%
Power Up (2020)Demon Fire
36%
Blow Up Your Video (1987)Heatseeker
36%
For Those About to Rock We Salute You (1981)Let's Get It Up
36%
High Voltage (1976)Little Lover
36%
Powerage (1978)Riff Raff
36%
Dirty Deeds Done Dirt Cheap (1976)R.I.P. (Rock in Peace)
36%
Black Ice (2008)Rock 'n' Roll Train
36%
Power Up (2020)Shot in the Dark
36%
Fly on the Wall (1985)Sink the Pink
36%
For Those About to Rock We Salute You (1981)Snowballed
36%
Dirty Deeds Done Dirt Cheap (1976)There's Gonna Be Some Rockin'
36%
Blow Up Your Video (1987)This Means War
36%
Highway to Hell (1979)Walk All Over You
36%
Back in Black (1980)What Do You Do for Money Honey
36%
Powerage (1978)What's Next to the Moon
36%
Power Up (2020)Witch's Spell
36%
The Razors Edge (1990)Are You Ready
27%
Let There Be Rock (1977)Bad Boy Boogie
27%
Rock or Bust (2014)Baptism by Fire
27%
Power Up (2020)Code Red
27%
Powerage (1978)Cold Hearted Man
27%
Let There Be Rock (1977)Crabsody in Blue
27%
For Those About to Rock We Salute You (1981)Evil Walks
27%
The Razors Edge (1990)Fire Your Guns
27%
Highway to Hell (1979)Get It Hot
27%
The Razors Edge (1990)Got You by the Balls
27%
Ballbreaker (1995)Hail Caesar
27%
Stiff Upper Lip (2000)House of Jazz
27%
Dirty Deeds Done Dirt Cheap (1976)Jailbreak
27%
Power Up (2020)Kick You When You're Down
27%
Blow Up Your Video (1987)Kissin' Dynamite
27%
The Razors Edge (1990)Mistress for Christmas
27%
Flick of the Switch (1983)Nervous Shakedown
27%
For Those About to Rock We Salute You (1981)Night of the Long Knives
27%
Rock or Bust (2014)Play Ball
27%
Fly on the Wall (1985)Playing with Girls
27%
For Those About to Rock We Salute You (1981)Put the Finger on You
27%
Power Up (2020)Realize
27%
Power Up (2020)Rejection
27%
Blow Up Your Video (1987)Ruff Stuff
27%
For Those About to Rock We Salute You (1981)Spellbound
27%
Blow Up Your Video (1987)That's the Way I Wanna Rock 'n' Roll
27%
Power Up (2020)Through the Mists of Time
27%
Black Ice (2008)Anything Goes
18%
Flick of the Switch (1983)Bedlam in Belgium
18%
Ballbreaker (1995)Caught with Your Pants Down
18%
Ballbreaker (1995)Cover You in Oil
18%
Fly on the Wall (1985)Danger
18%
Black Ice (2008)Decibel
18%
Rock or Bust (2014)Dogs of War
18%
Rock or Bust (2014)Emission Control
18%
Powerage (1978)Gimme a Bullet
18%
Stiff Upper Lip (2000)Give It Up
18%
The Razors Edge (1990)Goodbye & Good Riddance to Bad Luck
18%
Blow Up Your Video (1987)Go Zone
18%
Flick of the Switch (1983)Guns for Hire
18%
Ballbreaker (1995)Hard as a Rock
18%
The Razors Edge (1990)If You Dare
18%
Blow Up Your Video (1987)Meanstreak
18%
Rock or Bust (2014)Miss Adventure
18%
Black Ice (2008)Money Made
18%
Power Up (2020)Money Shot
18%
Power Up (2020)No Man's Land
18%
Flick of the Switch (1983)Rising Power
18%
The Razors Edge (1990)Rock Your Heart Out
18%
Stiff Upper Lip (2000)Safe in New York City
18%
Stiff Upper Lip (2000)Satellite Blues
18%
Black Ice (2008)Skies on Fire
18%
Black Ice (2008)Smash 'n' Grab
18%
Rock or Bust (2014)Sweet Candy
18%
Power Up (2020)Systems Down
18%
Ballbreaker (1995)The Furor
18%
Flick of the Switch (1983)This House Is on Fire
18%
Powerage (1978)Up to My Neck in You
18%
Black Ice (2008)Wheels
18%
Ballbreaker (1995)Whiskey on the Rocks
18%
Stiff Upper Lip (2000)All Screwed Up
9%
Fly on the Wall (1985)Back in Business
9%
Flick of the Switch (1983)Badlands
9%
Ballbreaker (1995)Boogie Man
9%
Flick of the Switch (1983)Brain Shake
9%
For Those About to Rock We Salute You (1981)Breaking the Rules
9%
Ballbreaker (1995)Burnin' Alive
9%
Stiff Upper Lip (2000)Can't Stand Still
9%
Stiff Upper Lip (2000)Damned
9%
Flick of the Switch (1983)Deep in the Hole
9%
Fly on the Wall (1985)First Blood
9%
Rock or Bust (2014)Got Some Rock & Roll Thunder
9%
Rock or Bust (2014)Hard Times
9%
For Those About to Rock We Salute You (1981)Inject the Venom
9%
Flick of the Switch (1983)Landslide
9%
The Razors Edge (1990)Let's Make It
9%
Ballbreaker (1995)Love Bomb
9%
Stiff Upper Lip (2000)Meltdown
9%
Blow Up Your Video (1987)Nick of Time
9%
Black Ice (2008)Rock 'n' Roll Dream
9%
Rock or Bust (2014)Rock the Blues Away
9%
Fly on the Wall (1985)Send for the Man
9%
Fly on the Wall (1985)Shake Your Foundations
9%
Black Ice (2008)She Likes Rock 'n' Roll
9%
The Razors Edge (1990)Shot of Love
9%
Blow Up Your Video (1987)Some Sin for Nuthin'
9%
Black Ice (2008)Spoilin' for a Fight
9%
Black Ice (2008)Stormy May Day
9%
Ballbreaker (1995)The Honey Roll
9%
Black Ice (2008)War Machine
9%
Power Up (2020)Wild Reputation
9%
Stiff Upper Lip (2000)Can't Stop Rock 'n' Roll
0%
Stiff Upper Lip (2000)Come and Get It
0%
Fly on the Wall (1985)Hell or High Water
0%
Stiff Upper Lip (2000)Hold Me Back
0%
Black Ice (2008)Rocking All the Way
0%
Rock or Bust (2014)Rock the House
0%
Fly on the Wall (1985)Stand Up
0%

Score Distribution

Percentile by Number Answered

Percent of People with Each Score

Your Score History

You have not taken this quiz